Movies by Country of Origin (and Photos) - Statistics

General Stats
  • This quiz has been taken 20 times
  • The average score is 30 of 64
Answer Stats
Picture Hint Answer % Correct
12 Angry Men (1957) | Pulp Fiction (1994) | Manchester by the Sea (2016) United States
100%
Zorba the Greek (1964) | Dogtooth (2009) Greece
88%
I Am Cuba (1964) | Buena Vista Social Club (1999) Cuba
82%
Cairo Station (1958) | Judgment Day (2018) Egypt
82%
The Passion of Joan of Arc (1928) | The Wages of Fear (1953) | La Haine (1995) France
82%
The Battle of Algiers (1966) | Z (1969) Algeria
76%
My Left Foot (1989) | In the Name of the Father (1993) | The Secret of Kells (2009) Ireland
76%
Harakiri (1962) | Spirited Away (2001) | Nobody Knows (2004) Japan
76%
Set in: The Deer Hunter (1978) | Apocalypse Now (1979) | Full Metal Jacket (1987) Vietnam
76%
Jeanne Dielman, 23 Commerce Quay, 1080 Brussels (1975) + sets in: In Bruges (2008) Belgium
71%
Bicycle Thieves (1948) | The Good, the Bad and the Ugly (1966) | The Great Beauty (2013) Italy
71%
Set in: The Parade (1989) | Under the Sun (2015) North Korea
71%
The Way (1982) | Once Upon a Time in Anatolia (2011) | Winter Sleep (2014) Turkey
71%
Who Killed Captain Alex? (2010) + sets in: The Last King of Scotland (2006) Uganda
71%
The Third Man (1949) | Kes (1969) | Trainspotting (1996) England
65%
Braindead (1992) | The Piano (1993) | The World's Fastest Indian (2005) New Zealand
65%
Spring, Summer, Fall, Winter... and Spring (2003) | Oldboy (2003) | Parasite (2019) South Korea
65%
Wake in Fright (1971) | Picnic at Hanging Rock (1975) | Mary and Max (2009) Australia
59%
Metropolis (1927) | M – The Murderers Are Among Us (1931) | The Lives of Others (2006) Germany
59%
Set in: Out of Africa (1985) | The Constant Gardener (2005) Kenya
59%
Set in: Desert Flower (2009) | Captain Phillips (2013) Somalia
59%
District 9 (2009) | My Octopus Teacher (2020) South Africa
59%
Set in: The Godfather: Part III (1990) | The Two Popes (2019) Vatican City
59%
The Given Word (1962) | City of God (2002) Brazil
53%
The Missing Picture (2013) + sets in: The Killing Fields (1984) Cambodia
53%
Close-Up (1990) | Children of Heaven (1997) | A Separation (2011) Iran
53%
Timbuktu (2014) + sets in: Running the Sahara (2008) Mauritania
53%
The Death of Mr. Lazarescu (2005) | 4 Months, 3 Weeks and 2 Days (2007) | Sieranevada (2016) Romania
53%
The Seventh Seal (1957) | Persona (1966) | Evil (2003) Sweden
53%
Song of the Road (1955) | The Music Room (1958) | Happiness & Tears (2001) India
47%
The Exterminating Angel (1962) | The Holy Mountain (1973) | Pan's Labyrinth (2006) Mexico
47%
Edvard Munch (1974) | Elling (2001) | King of Devil's Island (2010) Norway
47%
Videodrome (1983) | Incendies (2010) | Mommy (2014) Canada
41%
Raise the Red Lantern (1991) | Farewell My Concubine (1993) | In the Mood for Love (2000) China
41%
Marketa Lazarová (1967) | The Firemen's Ball (1967) | Cosy Dens (1999) Czech Republic
41%
Turtles Can Fly (2004) + sets in: The Hurt Locker (2013) Iraq
41%
Waltz with Bashir (2008) | Fill the Void (2012) Israel
41%
Raise Ravens (1976) | All About My Mother (1999) | The Invisible Guest (2016) Spain
41%
Set in: Brothers (2004/2009) | 9th Company (2005) | Iron Man (2008) Afghanistan
35%
Funny Games (1997) | Love (2012) Austria
35%
No Man's Land (2001) | Quo vadis, Aida? (2020) Bosnia and Herzegovina
35%
Babette's Feast (1987) | Dogville (2003) | The Hunt (2012) Denmark
35%
Underground (1995) | Black Cat, White Cat (1998) Serbia / Yugoslavia
35%
Man with a Movie Camera (1929) | Stalker (1979) | Come and See (1985) Soviet Union
35%
Twin Town (1997) | Human Traffic (1999) + sets in: How Green Was My Valley (1941) Wales
35%
The Secret in Their Eyes (2009) | Wild Tales (2014) Argentina
29%
Werckmeister Harmonies (2000) | Son of Saul (2015) Hungary
29%
Sometimes in April (2005) + sets in: Gorillas in the Mist (1988) Rwanda
29%
War Photographer (2001) | My Life as a Zucchini (2016) Switzerland
29%
Virunga (2014) + sets in: The Siege of Jadotville (2016) Congo
24%
Set in: The Year of Living Dangerously (1982) | The Raid (2011) Indonesia
24%
Ashes and Diamonds (1958) | A Short Film About Killing (1987) | Day of the Wacko (2002) Poland
24%
Set in: Amistad (1997) | Lord of War (2005) | Blood Diamond (2006) Sierra Leone
24%
Embrace of the Serpent (2015) | Birds of Passage (2018) Colombia
18%
Tangerines (2013) | My Happy Family (2017) Georgia
18%
The Last Farm (2004) | Heima (2007) Iceland
18%
Capernaum (2018) + sets in: Incendies (2010) Lebanon
18%
Black Girl (1966) | The Price of Forgiveness (2001) Senegal
18%
The Cameraman's Revenge (1912) | Burnt by the Sun (1994) | The Return (2003) Russia
12%
Wadjda (2012) + sets in: The Kingdom (2007) Saudi Arabia
12%
The Shop on Main Street (1965) | The Garden (1995) Slovakia
12%
Shutter (2004) | Syndromes and a Century (2006) Thailand
12%
The Class (2007) | November (2017) | Smoke Sauna Sisterhood (2023) Estonia
6%
Winter on Fire (2015) | Atlantida (2019) | Pamfir (2022) Ukraine
6%
No matching quizzes found
Score Distribution
Percent of People with Each Score
Percentile by Number Answered
Your Score History
You have not taken this quiz